000 01618nam a2200277Ia 4500
999 _c55214
_d55214
001 22289
003 GE_BSU
005 20230227145526.0
008 181216s ||||ge |||||||||||||| ||geo||
020 _a99940-762-0-5
040 _cGE_BSU
041 _ageo
080 _a821.124-1 კ-32
100 _aკატულუსი, გაიუს ვალერიუს
_917054
245 _a33 ლექსი /
_cგაიუს ვალერიუს კატულუსი ; თარგმან. ლათ., შესავ. წერილი და კომენტ. მანანა ღარიბაშვილისა ; რედ. ია გაგუა.
264 _aთბილისი :
_bლოგოსი,
_c2003.
300 _a86 გვ. ;
_c20 სმ.
500 _aპუბლიკაციები და ღონისძიებები კლასიკური ფილოლოგიის, ბიზანტიკისა და ნეოგრეცისტიკის სფეროში
520 _aრეზიუმე ქართულ და ლათინურ ენებზე
541 _h4 ლ.
653 _a33 ლექსი
700 _aღარიბაშვილი, მანანა
_eმთარგმნელი
_93637
700 _aგაგუა, ია
_eრედაქტორი
_917055
710 _aთსუ
_bკლასიკური ფილოლოგიის, ბიზანტიკის და ნეოგრეცისტიკის ინსტიტუტი
_917056
942 _cBK
_2udc